Score 0/40 Timer 10:00
0 Plays Today
% Correct
sproutcm
73.8%
rockgolf
67.7%
darinh
66.2%
Hejman
63.1%
MSUKent
61.5%
Ben
58.5%
MrChewypoo
52.3%
SporcleAdmin
52.3%
needapausebutton
50.8%
Flick
49.2%
RobPro
49.2%
LTH
46.2%
druhutch
46.2%
puckett86
38.5%
Booger
35.4%
sultanofswing
32.3%
slipkid
30.8%
FearTheManatee
30.8%
caramba
29.2%
jonesjeffum
27.7%
% Correct
bazmerelda
27.7%
wiggytitch
26.2%
BluePikmin
24.6%
gwukelic
23.1%
dthompsen
21.5%
bowsntoys
21.5%
aka13013
20%
UnkleDrrty
20%
Leena
20%
slambunctious
20%
UrsaCanid
20%
marine_dan
18.5%
freaky69az
18.5%
ShaunCold
18.5%
dmbeaure
18.5%
tasets
18.5%
grember
18.5%
jefflouie
18.5%
jjhender
18.5%
newerafranchise
18.5%

You're not logged in!

Compare scores with friends on all Sporcle quizzes.
OR
Log In

Sporcle TV

Today on Sporcle TV


Watch our educational content, quiz creation guides, and fun videos on Sporcle TV.

Show Comments

Extras

Top Quizzes Today


Score Distribution

Paid Content

Your Account Isn't Verified!

In order to create a playlist on Sporcle, you need to verify the email address you used during registration. Go to your Sporcle Settings to finish the process.

Report this User

Report this user for behavior that violates our Community Guidelines.

Details: